000
00250nam a2200109Ia 4500
008
190216s9999||||xx |||||||||||||| ||und||
100
_a
Kaladi Gopinath
245
0
_a
Ezhurathrikal
260
_b
Nbs Kottayam
650
_a
Malayalam Novel
942
_c
BK
999
_c
26151
_d
26151